000 00479pab a2200169 454500
008 180718b1986 xxu||||| |||| 00| 0 eng d
100 _aJacobs, G.D.
245 _aCharacteristics of conventional public transport services in Third World cities
260 _c1986
300 _a11-20
362 _aMar.
650 _aTransportation - Underdeveloped Areas
700 _aP.R. Fouracre
700 _aA.C. Maunder
773 _aJournal of Transport Management
909 _a19616
999 _c19616
_d19616